Türk kişiliği ve kültür-kişilik ilişkileri (Record no. 2559)

MARC details
000 -BAŞLIK
Sabit Uzunlukta Kontrol Alanı 00839na a2200289 4500
001 - KONTROL NUMARASI
Denetim Alanı 12596
003 - KONTROL NUMARASI IDENTIFIER
Denetim Alanı MIRAKIL
005 - SON İŞLEM TARİHİ VE ZAMANI
Denetim Alanı 20181213154902.0
008 - SABİT-BOY VERİ ELEMANLARI - GENEL BİLGİLER
Sabit Uzunlukta Kontrol Alanı 161026b tu 000 0
020 ## - ULUSLARARASI STANDART KİTAP NUMARASI
Uluslararası Standart Kitap Numarası 9751718139
035 ## - SİSTEM KONTROL NUMARASI
Sistem Kontrol Numarası 12596
040 ## - KATALOGLAMA KAYNAK
Orijinal Kataloglama Ajansı Milas
Kataloglama Dili tur
Metne Dönüştürmek Ajansı TR-AnCHP
041 ## - DİL KODU
Metin / Ses Parça Veya Ayrı Başlığın Dil Kodu tur
082 ## - DEWEY ONLU SINIFLANDIRMA NUMARASI
Sınıflandırma Numarası 306.0899435
Ürün Numarası T39t 1997
090 ## - SINIFLAMA NUMARASI
Sınıflama Numarası 306.0899435 T39t 1997
100 ## - ANA GİRİŞ - KİŞİSEL İSİM
Kişisel Ad Tezcan, Mahmut
245 ## - BAŞLIK TABLOSU
Başlık Türk kişiliği ve kültür-kişilik ilişkileri
Sorumluluk Tablosu, Vb Mahmut Tezcan
260 ## - YAYIN, DAĞITIM, VB
Yayın, Dağıtım, Vb Yeri Ankara
Yayıncı, Dağıtıcı, Vs Adı Kültür Bakanlığı
Yayın, Dağıtım, Vb Tarihi 1997
300 ## - FİZİKSEL TANIM
Kapsam xiii, 290 s.
Diğer Fiziksel Ayrıntıları res.
Boyutlar 19 sm.
490 ## - SERİSİ TABLOSU
Seri Beyanı Kültür Eserleri dizisi
Hacim / Ardışık Tanımı 191
490 ## - SERİSİ TABLOSU
Seri Beyanı Kültür Bakanlığı yayınları
Hacim / Ardışık Tanımı 1970
504 ## - KAYNAKÇA VB NOT
Kaynakça Vb Notu Kaynakça var.
650 ## - KONU KATMA GİRİŞ - TOPİKAL DÖNEM
Topikal Süreli Veya Coğrafi Ad Giriş Elemanı Ulusal kültür
Coğrafi Alt Bölümü Türkiye
650 ## - KONU KATMA GİRİŞ - TOPİKAL DÖNEM
Topikal Süreli Veya Coğrafi Ad Giriş Elemanı Türkler
Genel Alt Bölümü Antropoloji
650 ## - KONU KATMA GİRİŞ - TOPİKAL DÖNEM
Topikal Süreli Veya Coğrafi Ad Giriş Elemanı Türkler
Genel Alt Bölümü Psikoloji
942 ## - EKLENDİ GİRİŞ ELEMANLARI (KOHA)
Sınıflandırma Veya Raf Düzeni Kaynak Dewey Decimal Classification
Koha Öğesi Türü Books
999 ## - SİSTEM KONTROL NUMARALARI (KOHA)
Koha Biblionumber 2559
Koha Biblioitemnumber 2559
Holdings
Kalıcı Konum Mevcut Konum Edinme Tarihi Edinim Kaynak Toplam Check-Out'Lar Tam Çağrı Numarası Barkod Tarih Son Görülme İtibaren Geçerli Fiyatlar Koha Öğesi Türü
CHP Kütüphanesi CHP Kütüphanesi 07/27/2016 Bağış   306.0899435 T39t 1997 000136 07/27/2016 07/27/2016 Books